| 000 -CABECERA |
| Campo de control de longitud fija |
00718nam a22001937a 4500 |
| 005 - FECHA Y HORA DE LA ÚLTIMA TRANSACCIÓN |
| Campo de control |
20240213172423.0 |
| 008 - CAMPO FIJO DE DESCRIPCIÓN FIJA--INFORMACIÓN GENERAL |
| Campo de control de longitud fija |
240213b ||||| |||| 00| 0 eng d |
| 020 ## - ISBN (INTERNATIONAL STANDARD BOOK NUMBER) |
| ISBN |
978-84-18858-65-9 |
| 040 ## - FUENTE DE CATALOGACIÓN |
| Agencia de catalogación original |
CDMR |
| 100 1# - ENCABEZAMIENTO PRINCIPAL--NOMBRE PERSONAL |
| 9 (RLIN) |
2195 |
| Nombre de persona |
Pons, Agustí |
| 245 ## - MENCIÓN DE TÍTULO |
| Título |
Catòlics, comunistes i cia. |
| Parte restante del título |
: intel·lectuals catalans i Guerra Freda |
| Mención de responsabilidad, etc. |
/ Agustí Pons |
| 260 ## - PUBLICACIÓN, DISTRIBUCIÓN, ETC (PIE DE IMPRENTA) |
| Lugar de publicación, distribución, etc. |
Barcelona |
| Nombre del editor, distribuidor, etc. |
: Edicions de 1984 |
| Fecha de publicación, distribución, etc. |
, 2024 |
| 300 ## - DESCRIPCIÓN FÍSICA |
| Extensión |
251 pàgines |
| 490 ## - MENCIÓN DE SERIE |
| Mención de serie |
De bat a bat |
| Número de volumen/designación secuencial |
; 51 |
| 650 #0 - ASIENTO SECUNDARIO DE MATERIA--TÉRMINO DE MATERIA |
| 9 (RLIN) |
4 |
| Nombre de materia o nombre geográfico como elemento de entrada |
Periodistes catalans |
| Subdivisión general |
Punts de vista polítics i socials |
| Subdivisión cronológica |
1947-1991 |
| 650 #0 - ASIENTO SECUNDARIO DE MATERIA--TÉRMINO DE MATERIA |
| 9 (RLIN) |
4525 |
| Nombre de materia o nombre geográfico como elemento de entrada |
Intel·lectuals |
| Subdivisión geográfica |
Catalunya |
| Subdivisión general |
Punts de vista polítics i socials |
| Subdivisión cronológica |
1947-1991 |
| 650 #0 - ASIENTO SECUNDARIO DE MATERIA--TÉRMINO DE MATERIA |
| 9 (RLIN) |
3626 |
| Nombre de materia o nombre geográfico como elemento de entrada |
Guerra freda |
| Subdivisión general |
Influència |
| Subdivisión geográfica |
Catalunya |
| 942 ## - ELEMENTOS KOHA |
| Fuente de clasificación o esquema de ordenación en estanterías |
|
| Koha tipo de item |
Monografies |